000 00470nam a2200181Ia 4500
005 20250216111037.0
008 250103s9999 xx 000 0 und d
020 _a9781449614881
_qpbk
041 _aeng
082 _a616.9792
_bWEE
100 _aBenjamin s.Weeks
245 0 _aAids The Biological Basis/
_cBenjamin s. Weeks
250 _a6th
260 _bJones & Bartlett,
_c2014
_aUSA
300 _a346 pages
650 _aMEDICAL Science
942 _cENGLISH
999 _c567881
_d567881